[Event "Wuerttemberg-ch KT"]
[White "Junginger, Andreas"]
[Black "Baumeister, Juergen"]
[Site "Stuttgart"]
[Round "6"]
[Result "1-0"]
[Date "2017.08.31"]
[WhiteElo "1938"]
[BlackElo "1765"]
[PlyCount "85"]
[EventDate "2017.08.26"]
[EventType "swiss"]
[EventRounds "7"]
[EventCountry "GER"]
[SourceTitle "EXT 2019"]
[Source "ChessBase"]
[SourceDate "2018.10.10"]
[SourceVersion "1"]
[SourceVersionDate "2018.10.10"]
[SourceQuality "1"]

1. e4 c5 2. Nf3 Nf6 3. Nc3 d5 4. exd5 Nxd5 5. Bc4 e6 6. 0-0 Be7 7. d4 cxd4 8. Nxd4 Nxc3 9. bxc3 a6 10. Bf4 Bg5 11. Qf3 0-0 12. Rad1 Qf6 13. Bd6 Re8 14. Rfe1 Qxf3 15. Nxf3 Bf6 16. Ne5 b5 17. Bd3 Nd7 18. Be4 Nb6 19. Bxa8 Nxa8 20. Nc6 Nb6 21. Be5 Bxe5 22. Rxe5 Bb7 23. Nd4 Rd8 24. Ree1 g6 25. Nxb5 Rxd1 26. Rxd1 axb5 27. Rd8+ Kg7 28. Rb8 Bd5 29. Rxb6 Bc4 30. a4 bxa4 31. Rb4 Ba2 32. c4 a3 33. Ra4 Kf6 34. c5 Bd5 35. Rxa3 Ke7 36. Ra7+ Ke8 37. g3 Bf3 38. Kf1 h5 39. Ke1 e5 40. Kd2 g5 41. Ra3 Bd5 42. Rd3 Be4 43. Re3 1-0

[Event "Wuerttemberg-ch KT"]
[White "Guenther, Stefan"]
[Black "Baumeister, Juergen"]
[Site "Stuttgart"]
[Round "2"]
[Result "1-0"]
[Date "2017.08.27"]
[WhiteElo "1897"]
[BlackElo "1765"]
[PlyCount "53"]
[EventDate "2017.08.26"]
[EventType "swiss"]
[EventRounds "7"]
[EventCountry "GER"]
[SourceTitle "EXT 2019"]
[Source "ChessBase"]
[SourceDate "2018.10.10"]
[SourceVersion "1"]
[SourceVersionDate "2018.10.10"]
[SourceQuality "1"]

1. f4 b6 2. Nf3 Bb7 3. e3 d6 4. Be2 e5 5. fxe5 dxe5 6. 0-0 Bd6 7. Qe1 Nh6 8. b3 Nd7 9. Bb2 Qe7 10. a4 a6 11. Na3 c5 12. d3 0-0-0 13. Nc4 Bc7 14. e4 Rdf8 15. Ne3 f5 16. Nd5 Bxd5 17. exd5 e4 18. dxe4 fxe4 19. Bxa6+ Kb8 20. Nd2 e3 21. Nc4 Rxf1+ 22. Qxf1 Bxh2+ 23. Kxh2 Qh4+ 24. Kg1 Ng4 25. Qf4+ Ka7 26. Bb5 Rf8 27. Qc7+ 1-0

[Event "Wuerttemberg-ch KT"]
[White "Reindl, Jork"]
[Black "Baumeister, Juergen"]
[Site "Stuttgart"]
[Round "9"]
[Result "0-1"]
[Date "2016.09.04"]
[WhiteElo "1436"]
[BlackElo "1818"]
[PlyCount "62"]
[EventDate "2016.08.27"]
[EventType "swiss"]
[EventRounds "9"]
[EventCountry "GER"]
[SourceTitle "EXT 2017"]
[Source "ChessBase"]
[SourceDate "2016.10.25"]
[SourceVersion "1"]
[SourceVersionDate "2016.10.25"]
[SourceQuality "1"]

1. e4 Nc6 2. Nf3 f5 3. exf5 d5 4. d4 Bxf5 5. Bf4 e6 6. c3 Bd6 7. Bxd6 cxd6 8. Bd3 Bg4 9. h3 Bh5 10. Be2 Nf6 11. Nbd2 0-0 12. Qc2 Rc8 13. 0-0 e5 14. dxe5 dxe5 15. Qd1 Qb6 16. Nb3 a5 17. Qd2 a4 18. Nc1 Rcd8 19. b3 a3 20. Qe1 Rde8 21. c4 Bxf3 22. Bxf3 e4 23. Be2 d4 24. Bd1 d3 25. Qe3 Qb4 26. f3 Qc3 27. Rb1 Qb2 28. Nxd3 Qxb1 29. Be2 exd3 30. Qxd3 Qxd3 31. Bxd3 Rd8 0-1

[Event "Wuerttemberg-ch KT"]
[White "Baumeister, Juergen"]
[Black "Lahouel, Kim Luca"]
[Site "Stuttgart"]
[Round "7"]
[Result "0-1"]
[Date "2016.09.02"]
[WhiteElo "1818"]
[BlackElo "1706"]
[PlyCount "82"]
[EventDate "2016.08.27"]
[EventType "swiss"]
[EventRounds "9"]
[EventCountry "GER"]
[SourceTitle "EXT 2017"]
[Source "ChessBase"]
[SourceDate "2016.10.25"]
[SourceVersion "1"]
[SourceVersionDate "2016.10.25"]
[SourceQuality "1"]

1. e4 d5 2. Nc3 Nf6 3. e5 Nfd7 4. d4 e6 5. Nce2 c5 6. c3 Nc6 7. f4 Qb6 8. Nf3 Be7 9. Ng3 0-0 10. Bd3 cxd4 11. cxd4 Bb4+ 12. Kf1 Be7 13. h4 Kh8 14. Bxh7 Nxd4 15. Nxd4 Kxh7 16. Be3 Rh8 17. Nh5 Qxb2 18. Nb3 b6 19. Bd4 Ba6+ 20. Kg1 Qe2 21. Ng3 Qxd1+ 22. Rxd1 Rac8 23. Rd2 Nc5 24. Kf2 Bc4 25. Nc1 Na6 26. Nge2 Nb4 27. Kf3 Nc6 28. Bb2 Ba6 29. a3 Na5 30. Bc3 Nc4 31. Ra2 Nxa3 32. Bb2 Bxe2+ 33. Nxe2 Nb5 34. Ba1 Rc7 35. Rb1 Na3 36. Rb3 Nc4 37. Kg3 Kg6 38. f5+ Kxf5 39. Nd4+ Kg6 40. Nb5 Bxh4+ 41. Kg4 Rd7 0-1

[Event "Stuttgart-chA int"]
[White "Baumeister, Juergen"]
[Black "Jurasin, Marin"]
[Site "Ditzingen"]
[Round "6"]
[Result "0-1"]
[Date "2016.05.07"]
[WhiteElo "1814"]
[BlackElo "2039"]
[PlyCount "120"]
[EventDate "2016.05.05"]
[EventType "swiss"]
[EventRounds "7"]
[EventCountry "GER"]
[SourceTitle "EXT 2018"]
[Source "ChessBase"]
[SourceDate "2017.10.13"]
[SourceVersion "1"]
[SourceVersionDate "2017.10.13"]
[SourceQuality "1"]

1. e4 g6 2. d4 Bg7 3. Nf3 d6 4. Be3 Nd7 5. c3 e5 6. Bc4 Ngf6 7. dxe5 dxe5 8. Nbd2 0-0 9. h3 b6 10. 0-0 Bb7 11. Qc2 Qe7 12. Rfe1 h6 13. Rad1 Nc5 14. Bxc5 Qxc5 15. Bd3 Rad8 16. b4 Qe7 17. Nc4 Nh5 18. Ne3 Nf4 19. Bf1 Rxd1 20. Rxd1 Rd8 21. g3 Rxd1 22. Nxd1 Ne6 23. Ne3 c5 24. a3 Nc7 25. Nd2 h5 26. Bc4 Bc8 27. Bf1 Qd7 28. Bg2 Bb7 29. Ndf1 Bc6 30. Kh2 Bf8 31. Nc4 f6 32. Nfe3 Kg7 33. Bf1 Nb5 34. Bg2 Nc7 35. Bf1 Ba4 36. Qe2 Bc6 37. Qc2 Ne6 38. Bg2 Bb5 39. Bf1 Ng5 40. Bg2 Qc6 41. Nd2 cxb4 42. axb4 a5 43. bxa5 bxa5 44. Nd5 a4 45. c4 Ba6 46. Qc3 Qc5 47. f4 Nf7 48. Bf1 Bb7 49. Bg2 Bd6 50. Nf3 Bxd5 51. exd5 exf4 52. g4 hxg4 53. hxg4 g5 54. Kh1 Be5 55. Qc2 a3 56. Qa4 Bd6 57. Nd2 Qe3 58. Nf3 Qc3 59. Kh2 Qb2 60. Ne1 f3+ 0-1

[Event "Wuerttemberg-ch KT"]
[White "Baumeister, Juergen"]
[Black "Freiherr von Hauff, Christopher V"]
[Site "Stuttgart"]
[Round "4"]
[Result "1-0"]
[Date "2015.09.01"]
[WhiteElo "1823"]
[BlackElo "1858"]
[PlyCount "49"]
[EventDate "2015.08.29"]
[EventType "swiss"]
[EventRounds "9"]
[EventCountry "GER"]
[SourceTitle "EXT 2017"]
[Source "ChessBase"]
[SourceDate "2016.10.25"]
[SourceVersion "1"]
[SourceVersionDate "2016.10.25"]
[SourceQuality "1"]

1. e4 e5 2. Nf3 Nc6 3. d4 exd4 4. Bc4 Nf6 5. 0-0 Bc5 6. e5 d5 7. exf6 dxc4 8. Re1+ Be6 9. Ng5 Qd5 10. Nc3 Qf5 11. Nce4 Bb6 12. g4 Qg6 13. Nxe6 fxe6 14. f7+ Ke7 15. Qf3 Rhf8 16. Qa3+ Kd7 17. Ng5 h6 18. Rxe6 Qxc2 19. Qf3 Ne7 20. Bf4 Qxb2 21. Rxe7+ Kxe7 22. Re1+ Kd7 23. Qd5+ Kc8 24. Re8+ Rxe8 25. fxe8R# 1-0

[Event "Wuerttemberg-ch KT"]
[White "Kolb, Roland"]
[Black "Baumeister, Juergen"]
[Site "Stuttgart"]
[Round "1"]
[Result "1-0"]
[Date "2015.08.29"]
[WhiteElo "2007"]
[BlackElo "1823"]
[PlyCount "85"]
[EventDate "2015.08.29"]
[EventType "swiss"]
[EventRounds "9"]
[EventCountry "GER"]
[SourceTitle "EXT 2017"]
[Source "ChessBase"]
[SourceDate "2016.10.25"]
[SourceVersion "1"]
[SourceVersionDate "2016.10.25"]
[SourceQuality "1"]

1. e4 c5 2. b3 Nc6 3. Bb2 e5 4. Nf3 d6 5. Be2 Be6 6. 0-0 Be7 7. Bb5 Bf6 8. c3 Bg4 9. h3 Bh5 10. Na3 Nge7 11. g4 Bg6 12. g5 Bxe4 13. gxf6 gxf6 14. Qe2 Bf5 15. Kh2 Qd7 16. Rg1 Bxh3 17. Rg3 Bg4 18. Nc4 d5 19. Ne3 Be6 20. d4 e4 21. Nh4 f5 22. Neg2 Ng6 23. Bc1 0-0-0 24. Bg5 f6 25. Bf4 Rdg8 26. Rd1 Nxf4 27. Nxf4 Rxg3 28. fxg3 Rg8 29. dxc5 Qg7 30. Rg1 Qd7 31. Qe3 Rg4 32. Rd1 Qe7 33. c4 d4 34. Qe1 Ne5 35. Qa5 Rxh4+ 36. gxh4 Nf3+ 37. Kh1 Bd7 38. c6 bxc6 39. Qxa7 Qd6 40. Qa8+ Kc7 41. Qa5+ Kb7 42. Ba6+ Ka7 43. c5 1-0

[Event "Stuttgart-chA op"]
[White "Wohlfahrt, Michael"]
[Black "Baumeister, Juergen"]
[Site "Ditzingen"]
[Round "5"]
[Result "1-0"]
[Date "2015.05.16"]
[WhiteElo "1852"]
[BlackElo "1869"]
[PlyCount "89"]
[EventDate "2015.05.14"]
[EventType "swiss"]
[EventRounds "7"]
[EventCountry "GER"]
[SourceTitle "EXT 2018"]
[Source "ChessBase"]
[SourceDate "2017.10.13"]
[SourceVersion "1"]
[SourceVersionDate "2017.10.13"]
[SourceQuality "1"]

1. e4 c5 2. Nf3 e6 3. Nc3 Nc6 4. g3 Nge7 5. Bg2 e5 6. 0-0 Ng6 7. Nd5 d6 8. d3 Be6 9. c4 h6 10. Qa4 Rc8 11. Bd2 Qd7 12. a3 Be7 13. b4 b6 14. b5 Nb8 15. Ne1 Bg5 16. f4 Bxd5 17. cxd5 exf4 18. gxf4 Bf6 19. Rb1 Bd4+ 20. Kh1 Nh4 21. f5 a5 22. Bh3 g5 23. Nf3 Nxf3 24. Rxf3 f6 25. Be3 Be5 26. d4 cxd4 27. Bxd4 Qd8 28. Bxe5 dxe5 29. Qb3 Qd6 30. Rc3 Kd7 31. Rc6 Nxc6 32. dxc6+ Kc7 33. Rd1 Qf8 34. Rd7+ Kb8 35. Rb7+ Ka8 36. Rxb6 Qc5 37. Ra6+ Kb8 38. Bf1 Rhd8 39. Qf7 Rc7 40. Ra8+ Kxa8 41. Qxc7 Rb8 42. Qxa5+ Qa7 43. Qc3 Qa4 44. c7 Rxb5 45. c8Q+ 1-0

[Event "Stuttgart-chA op"]
[White "Baumeister, Juergen"]
[Black "Schmidt, Markus1"]
[Site "Ditzingen"]
[Round "4"]
[Result "0-1"]
[Date "2015.05.15"]
[WhiteElo "1869"]
[BlackElo "1871"]
[PlyCount "72"]
[EventDate "2015.05.14"]
[EventType "swiss"]
[EventRounds "7"]
[EventCountry "GER"]
[SourceTitle "EXT 2018"]
[Source "ChessBase"]
[SourceDate "2017.10.13"]
[SourceVersion "1"]
[SourceVersionDate "2017.10.13"]
[SourceQuality "1"]

1. e4 d6 2. d4 Nf6 3. Nc3 g6 4. Be3 Bg7 5. Qd2 Ng4 6. Bg5 h6 7. Bh4 g5 8. Bg3 Nd7 9. 0-0-0 c5 10. d5 h5 11. Kb1 h4 12. Be2 hxg3 13. Bxg4 gxf2 14. Nf3 Ne5 15. Bxc8 Rxc8 16. Rdf1 g4 17. Nxe5 Bxe5 18. Qxf2 f6 19. g3 Qb6 20. Nd1 Kd8 21. Qf5 Rg8 22. h3 gxh3 23. Rxh3 Kc7 24. Rh7 Rxg3 25. Rxe7+ Kb8 26. Rh1 Rg5 27. Qe6 c4 28. a3 Rg1 29. Qxc8+ Kxc8 30. Rh8+ Qd8 31. Rxd8+ Kxd8 32. Rxb7 Rxd1+ 33. Ka2 Rd4 34. Rxa7 Rxe4 35. a4 Rd4 36. b4 Rd1 0-1

[Event "Stuttgart-chA op"]
[White "Baumeister, Juergen"]
[Black "Jurasin, Marin"]
[Site "Ditzingen"]
[Round "2"]
[Result "0-1"]
[Date "2015.05.14"]
[WhiteElo "1869"]
[BlackElo "2021"]
[PlyCount "52"]
[EventDate "2015.05.14"]
[EventType "swiss"]
[EventRounds "7"]
[EventCountry "GER"]
[SourceTitle "EXT 2018"]
[Source "ChessBase"]
[SourceDate "2017.10.13"]
[SourceVersion "1"]
[SourceVersionDate "2017.10.13"]
[SourceQuality "1"]

1. d4 Nf6 2. Bg5 d5 3. e3 e6 4. Bd3 h6 5. Bxf6 Qxf6 6. e4 dxe4 7. Bxe4 c5 8. Ne2 cxd4 9. Qxd4 Nd7 10. Nbc3 Bc5 11. Qxf6 Nxf6 12. Bf3 Bd7 13. 0-0 0-0-0 14. b4 Be7 15. a4 Kb8 16. b5 Rc8 17. Rfb1 Rc4 18. Ra2 Rhc8 19. Rb3 R8c5 20. Rab2 e5 21. Bc6 Be6 22. g3 Bd8 23. a5 Bxa5 24. b6 axb6 25. Bg2 Rxc3 26. Nxc3 Bxb3 0-1

[Event "Stuttgart-chA op"]
[White "Schulte, Torsten"]
[Black "Baumeister, Juergen"]
[Site "Ditzingen"]
[Round "1"]
[Result "1-0"]
[Date "2015.05.14"]
[WhiteElo "2117"]
[BlackElo "1869"]
[PlyCount "59"]
[EventDate "2015.05.14"]
[EventType "swiss"]
[EventRounds "7"]
[EventCountry "GER"]
[SourceTitle "EXT 2018"]
[Source "ChessBase"]
[SourceDate "2017.10.13"]
[SourceVersion "1"]
[SourceVersionDate "2017.10.13"]
[SourceQuality "1"]

1. d4 d5 2. c4 c6 3. Nf3 e6 4. Bg5 Bb4+ 5. Nbd2 Ne7 6. e3 0-0 7. a3 Bd6 8. Bd3 f6 9. Bh4 Qe8 10. Bg3 e5 11. dxe5 fxe5 12. Bxe5 Bf5 13. Bxf5 Nxf5 14. Bxd6 Nxd6 15. cxd5 cxd5 16. Qb3 Qf7 17. 0-0 Nd7 18. Rac1 Rac8 19. Qb4 Qg6 20. Qd4 Nf6 21. Qxa7 Qf5 22. Qb6 Nfe4 23. Rxc8 Rxc8 24. Nxe4 dxe4 25. Qxd6 exf3 26. gxf3 Rc6 27. Qb8+ Rc8 28. Qxb7 Rc2 29. Rd1 Rd2 30. Rxd2 1-0

[Event "Wuerttemberg-ch MT"]
[White "Andreev, Vlad"]
[Black "Baumeister, Juergen"]
[Site "Gruenbach"]
[Round "9"]
[Result "1-0"]
[Date "2014.09.07"]
[WhiteElo "2022"]
[BlackElo "1870"]
[PlyCount "55"]
[EventDate "2014.08.30"]
[EventType "swiss"]
[EventRounds "9"]
[EventCountry "GER"]
[SourceTitle "EXT 2017"]
[Source "ChessBase"]
[SourceDate "2016.10.25"]
[SourceVersion "1"]
[SourceVersionDate "2016.10.25"]
[SourceQuality "1"]

1. b3 e5 2. Bb2 Nc6 3. e3 d5 4. Bb5 Bd6 5. Nf3 Qe7 6. d4 e4 7. Ne5 Bxe5 8. dxe5 Be6 9. 0-0 Qg5 10. f4 Qg6 11. Nc3 Nge7 12. Bxc6+ bxc6 13. Ba3 f6 14. Qd4 Kf7 15. Bxe7 Kxe7 16. Rf2 Bd7 17. Raf1 f5 18. Ne2 Rhb8 19. Qc5+ Kf7 20. Nd4 Rb6 21. Rd2 Be8 22. a4 a5 23. c4 dxc4 24. Qxc4+ Kf8 25. Ne6+ Ke7 26. Nxc7 Rab8 27. Rd6 Qf7 28. Qc5 1-0

[Event "Stuttgart-chA int"]
[White "Baumeister, Juergen"]
[Black "Florio, Antonio"]
[Site "Ditzingen"]
[Round "6"]
[Result "0-1"]
[Date "2014.05.31"]
[WhiteElo "1895"]
[BlackElo "1927"]
[PlyCount "102"]
[EventDate "2014.05.29"]
[EventType "swiss"]
[EventRounds "7"]
[EventCountry "GER"]
[SourceTitle "EXT 2015"]
[Source "ChessBase"]
[SourceDate "2014.11.20"]
[SourceVersion "1"]
[SourceVersionDate "2014.11.20"]
[SourceQuality "1"]

1. Nc3 c5 2. Nf3 Nc6 3. d4 cxd4 4. Nxd4 g6 5. Bf4 Bg7 6. Ndb5 d6 7. Nd5 Kf8 8. c3 Be6 9. Ndc7 Rc8 10. Nxe6+ fxe6 11. e4 a6 12. Nd4 Nxd4 13. cxd4 Qb6 14. Bd3 Qb4+ 15. Bd2 Qxd4 16. Bc3 Rxc3 17. bxc3 Qxc3+ 18. Ke2 Qb2+ 19. Bc2 Qxa1 20. Qxa1 Bxa1 21. Rxa1 Nf6 22. f3 Kf7 23. a4 Rc8 24. Bd3 Nd7 25. Ke3 Nc5 26. Rc1 Rc6 27. Rb1 Nxd3 28. Kxd3 Rc7 29. Kd4 e5+ 30. Kd3 Ke6 31. Rb6 Kd7 32. g3 Kc8 33. Rb1 Rc5 34. h3 b5 35. axb5 axb5 36. f4 exf4 37. gxf4 Kb7 38. Kd4 Kc6 39. Rb4 Rh5 40. Rb3 Kb6 41. e5 dxe5+ 42. fxe5 e6 43. Re3 Rh4+ 44. Kc3 Kc5 45. Rd3 Rc4+ 46. Kb3 Rd4 47. Rc3+ Kd5 48. Rc7 Rh4 49. Rb7 Rxh3+ 50. Kb4 Kxe5 51. Rxb5+ Kf4 0-1

[Event "Stuttgart-chA int"]
[White "Mueller, Anja"]
[Black "Baumeister, Juergen"]
[Site "Ditzingen"]
[Round "4"]
[Result "1-0"]
[Date "2014.05.30"]
[WhiteElo "1967"]
[BlackElo "1895"]
[PlyCount "143"]
[EventDate "2014.05.29"]
[EventType "swiss"]
[EventRounds "7"]
[EventCountry "GER"]
[SourceTitle "EXT 2015"]
[Source "ChessBase"]
[SourceDate "2014.11.20"]
[SourceVersion "1"]
[SourceVersionDate "2014.11.20"]
[SourceQuality "1"]

1. d4 d5 2. c4 e6 3. Nc3 c6 4. cxd5 exd5 5. Bf4 Bg4 6. Qc2 Bd6 7. Bg3 Nf6 8. Nf3 0-0 9. e3 Re8 10. Bd3 h6 11. Bxd6 Qxd6 12. h3 Be6 13. 0-0 Nbd7 14. b4 Re7 15. Rab1 a6 16. Na4 Ne4 17. Nc5 Ndxc5 18. bxc5 Qd7 19. Ne5 Qc8 20. Bxe4 dxe4 21. Qxe4 Bf5 22. Qh4 f6 23. e4 Bh7 24. f3 Qd8 25. Ng4 Qxd4+ 26. Qf2 Rd8 27. Qxd4 Rxd4 28. Rfd1 Rxd1+ 29. Rxd1 f5 30. exf5 Bxf5 31. Kf2 h5 32. Ne3 Be6 33. a3 g5 34. Rd4 Kg7 35. h4 gxh4 36. Rxh4 Kg6 37. Re4 Kf6 38. g4 hxg4 39. fxg4 Rg7 40. Rf4+ Ke5 41. Kg3 Rf7 42. Rb4 Rd7 43. Kf3 Rd3 44. Re4+ Kf6 45. g5+ Kxg5 46. Rxe6 Rxa3 47. Re5+ Kf6 48. Kf4 Rb3 49. Nc4 Rb4 50. Re4 a5 51. Nb6 Rb5 52. Nd7+ Kf7 53. Ke3 Rb3+ 54. Kd2 Rh3 55. Re3 Rxe3 56. Kxe3 Ke6 57. Nb6 Ke5 58. Kd3 Kf4 59. Kc4 Ke4 60. Kb3 Kd4 61. Nd7 Kd5 62. Ka4 Ke6 63. Nb6 Ke5 64. Kxa5 Ke4 65. Nd7 Kd5 66. Kb6 Ke6 67. Nf8+ Kd5 68. Ng6 Kd4 69. Nf4 Kc4 70. Ne6 Kd5 71. Nd8 Kc4 72. Nxb7 1-0

[Event "Stuttgart-chA int"]
[White "Baumeister, Juergen"]
[Black "Bluma, Marcel"]
[Site "Ditzingen"]
[Round "1"]
[Result "0-1"]
[Date "2014.05.29"]
[WhiteElo "1895"]
[BlackElo "2100"]
[PlyCount "104"]
[EventDate "2014.05.29"]
[EventType "swiss"]
[EventRounds "7"]
[EventCountry "GER"]
[SourceTitle "EXT 2015"]
[Source "ChessBase"]
[SourceDate "2014.11.20"]
[SourceVersion "1"]
[SourceVersionDate "2014.11.20"]
[SourceQuality "1"]

1. Nc3 e5 2. Nf3 Nc6 3. d4 exd4 4. Nxd4 Nxd4 5. Qxd4 Qf6 6. Qc4 c6 7. e4 d6 8. Be3 Be6 9. Qa4 Ne7 10. 0-0-0 Ng6 11. f4 Bd7 12. g3 b5 13. Qa6 Qd8 14. e5 d5 15. Nxd5 cxd5 16. Rxd5 Qc8 17. Bxb5 Qxa6 18. Bxd7+ Ke7 19. Bc5+ Kd8 20. Bb5+ Kc7 21. Bxa6 Bxc5 22. Rxc5+ Kb6 23. Rd5 Kxa6 24. Rd6+ Kb5 25. Rhd1 Ne7 26. Rd7 Rhe8 27. Rb7+ Ka6 28. Rdd7 Nc6 29. Rxf7 Nd8 30. Rbd7 Nxf7 31. Rxf7 Rg8 32. Kd2 Rab8 33. e6 Rxb2 34. e7 Rbb8 35. Kd3 Kb6 36. Kd4 Kc6 37. Ke5 Kd7 38. e8Q+ Kxe8 39. Rxa7 Rc8 40. a4 Rxc2 41. Ke6 Re2+ 42. Kd6 Rf8 43. Rxg7 Rf6+ 44. Kc5 Rxh2 45. a5 Rh5+ 46. Kb4 Rf7 47. Rg8+ Kd7 48. Ra8 Kc6 49. Rc8+ Kb7 50. Re8 Ka6 51. Re6+ Ka7 52. Re4 Rb7+ 0-1

[Event "Wuerttemberg-ch KT"]
[White "Dreyer, Andre"]
[Black "Baumeister, Juergen"]
[Site "Bisingen"]
[Round "6"]
[Result "1/2-1/2"]
[Date "2013.09.05"]
[WhiteElo "1916"]
[BlackElo "1871"]
[PlyCount "89"]
[EventDate "2013.08.31"]
[EventType "swiss"]
[EventRounds "9"]
[EventCountry "GER"]
[SourceTitle "EXT 2017"]
[Source "ChessBase"]
[SourceDate "2016.10.25"]
[SourceVersion "1"]
[SourceVersionDate "2016.10.25"]
[SourceQuality "1"]

1. d4 d5 2. c4 e6 3. Nc3 c6 4. cxd5 cxd5 5. Nf3 Nc6 6. Bf4 Nf6 7. e3 Bb4 8. a3 Bxc3+ 9. bxc3 Ne4 10. Qb3 g5 11. Bg3 h5 12. h4 Nxg3 13. fxg3 g4 14. Ng1 Qc7 15. Ne2 Na5 16. Qc2 f5 17. Nf4 Bd7 18. Kf2 Rc8 19. Rc1 b5 20. Ng6 Rh6 21. Ne5 a6 22. Be2 Nb7 23. Rhf1 Nd6 24. Bd3 Nf7 25. Nxf7 Kxf7 26. a4 Rf6 27. axb5 Bxb5 28. Bxb5 axb5 29. Qb3 Qc6 30. Kg1 Kg6 31. Rf2 Rf7 32. Rb2 Rb7 33. Qb4 Kf6 34. Ra2 Qb6 35. Ra3 Kf7 36. Rca1 Rc4 37. Qb2 Qd6 38. Kh2 b4 39. Rb3 Kf6 40. cxb4 Rbxb4 41. Rb1 Rxb3 42. Qxb3 Qc6 43. Qb8 Qc7 44. Qh8+ Qg7 45. Qd8+ 1/2-1/2

[Event "Wuerttemberg-ch KT"]
[White "Baumeister, Juergen"]
[Black "Toelg, Wolfgang"]
[Site "Bisingen"]
[Round "2"]
[Result "1-0"]
[Date "2013.09.01"]
[WhiteElo "1871"]
[BlackElo "1782"]
[PlyCount "75"]
[EventDate "2013.08.31"]
[EventType "swiss"]
[EventRounds "9"]
[EventCountry "GER"]
[SourceTitle "EXT 2017"]
[Source "ChessBase"]
[SourceDate "2016.10.25"]
[SourceVersion "1"]
[SourceVersionDate "2016.10.25"]
[SourceQuality "1"]

1. c4 e5 2. Nc3 Nf6 3. Nf3 Nc6 4. d4 exd4 5. Nxd4 d5 6. cxd5 Nxd5 7. Nxc6 bxc6 8. Qc2 Bb7 9. e4 Nb4 10. Qb3 Rb8 11. a3 Nd3+ 12. Bxd3 Qxd3 13. Be3 Qa6 14. Rd1 Be7 15. Bf4 Rc8 16. Qc2 0-0 17. Rd7 Bd8 18. Ne2 Qa5+ 19. Bd2 Qb5 20. Bb4 c5 21. Qxc5 Qxc5 22. Bxc5 Re8 23. f3 Ba6 24. Bxa7 Bg5 25. Kf2 f5 26. Bd4 Bf6 27. Bxf6 gxf6 28. Ng3 fxe4 29. Nxe4 Re6 30. Rc1 f5 31. Ng3 f4 32. Ne4 c5 33. b4 c4 34. a4 Ra8 35. b5 Bc8 36. Rd8+ Kg7 37. Rxc4 Bb7 38. Rc7+ 1-0

[Event "Stuttgart-chB int"]
[White "Tsybulevsky, Juri"]
[Black "Baumeister, Juergen"]
[Site "Ditzingen"]
[Round "1"]
[Result "0-1"]
[Date "2013.05.09"]
[WhiteElo "1676"]
[BlackElo "1849"]
[PlyCount "52"]
[EventDate "2013.05.09"]
[EventType "swiss"]
[EventRounds "7"]
[EventCountry "GER"]
[SourceTitle "EXT 2014"]
[Source "ChessBase"]
[SourceDate "2013.11.20"]
[SourceVersion "1"]
[SourceVersionDate "2013.11.20"]
[SourceQuality "1"]

1. d4 d5 2. Nf3 e6 3. b3 Nf6 4. Nbd2 c5 5. c4 cxd4 6. cxd5 Nxd5 7. Bb2 Bb4 8. Bxd4 0-0 9. e3 Nc6 10. a3 Nxd4 11. exd4 Bc3 12. Ra2 Qb6 13. Qc2 h6 14. Bc4 Bxd4 15. 0-0 Bd7 16. Bxd5 exd5 17. Nxd4 Qxd4 18. Nf3 Qf4 19. Rd1 Rac8 20. Qd2 Qe4 21. h3 Bxh3 22. Qxd5 Qg4 23. Nh2 Qg6 24. Qf3 Rc3 25. Qxb7 Rxb3 26. Qc6 Qxc6 0-1

[Event "Wuerttemberg-ch KT"]
[White "Baumeister, Juergen"]
[Black "Schluricke, Reinhard"]
[Site "Illertissen"]
[Round "9"]
[Result "1-0"]
[Date "2012.09.02"]
[WhiteElo "1850"]
[BlackElo "1831"]
[PlyCount "81"]
[EventDate "2012.08.25"]
[EventType "swiss"]
[EventRounds "9"]
[EventCountry "GER"]
[SourceTitle "EXT 2017"]
[Source "ChessBase"]
[SourceDate "2016.10.25"]
[SourceVersion "1"]
[SourceVersionDate "2016.10.25"]
[SourceQuality "1"]

1. Nf3 Nf6 2. d4 c6 3. c4 d5 4. Nc3 a6 5. cxd5 cxd5 6. Bf4 e6 7. a3 Bd6 8. Qd2 0-0 9. Bg5 Nbd7 10. e4 dxe4 11. Nxe4 Be7 12. Bd3 Nxe4 13. Bxe4 Bxg5 14. Nxg5 Nf6 15. Bc2 h6 16. Nf3 Bd7 17. Ne5 Rc8 18. 0-0 Bb5 19. Rfe1 Qd5 20. Rad1 Rfd8 21. Bb1 Ba4 22. Rc1 Rxc1 23. Rxc1 Qxd4 24. Qxd4 Rxd4 25. b3 Be8 26. Nf3 Rd8 27. Kf1 Bc6 28. Ne5 g6 29. Ke2 Rd6 30. f3 h5 31. Nxc6 bxc6 32. b4 a5 33. bxa5 Rd5 34. a6 c5 35. a7 Rd8 36. Rxc5 Ra8 37. Rc7 Kg7 38. Rb7 g5 39. Ke3 Ne8 40. Be4 Nd6 41. Rxf7+ 1-0

[Event "Wuerttemberg-ch KT"]
[White "Schoembs, Oliver"]
[Black "Baumeister, Juergen"]
[Site "Illertissen"]
[Round "7"]
[Result "1-0"]
[Date "2012.08.31"]
[WhiteElo "1865"]
[BlackElo "1850"]
[PlyCount "65"]
[EventDate "2012.08.25"]
[EventType "swiss"]
[EventRounds "9"]
[EventCountry "GER"]
[SourceTitle "EXT 2017"]
[Source "ChessBase"]
[SourceDate "2016.10.25"]
[SourceVersion "1"]
[SourceVersionDate "2016.10.25"]
[SourceQuality "1"]

1. e4 e5 2. Nf3 Nc6 3. Bb5 a6 4. Ba4 b5 5. Bb3 Bc5 6. c3 Nf6 7. 0-0 0-0 8. d3 h6 9. h3 Qe7 10. Re1 Bb7 11. Nbd2 Bb6 12. Nf1 Na5 13. Bc2 c5 14. Ne3 Qe6 15. b4 cxb4 16. cxb4 Nc6 17. Bb3 Qe8 18. Nf5 Kh7 19. Qd2 Ng8 20. Ng5+ Kg6 21. Nh4+ Kf6 22. Nh7+ Ke7 23. Nf5+ Kd8 24. Nxg7 Qe7 25. Nf5 Qxb4 26. Qxb4 Nxb4 27. Nxf8 Nxd3 28. Be3 Bxe3 29. Rxe3 Nf4 30. Rd1 Nf6 31. Rd6 Nxe4 32. Rxd7+ Kc8 33. Rxe4 1-0

[Event "Wuerttemberg-ch KT"]
[White "Toelg, Wolfgang"]
[Black "Baumeister, Juergen"]
[Site "Illertissen"]
[Round "5"]
[Result "0-1"]
[Date "2012.08.29"]
[WhiteElo "1771"]
[BlackElo "1850"]
[PlyCount "90"]
[EventDate "2012.08.25"]
[EventType "swiss"]
[EventRounds "9"]
[EventCountry "GER"]
[SourceTitle "EXT 2017"]
[Source "ChessBase"]
[SourceDate "2016.10.25"]
[SourceVersion "1"]
[SourceVersionDate "2016.10.25"]
[SourceQuality "1"]

1. e4 e5 2. f4 Qf6 3. Nf3 Qxf4 4. Nc3 Bb4 5. d3 Qf6 6. Bd2 c6 7. Be2 Ne7 8. 0-0 Qd6 9. a3 Bc5+ 10. Kh1 a5 11. Na4 Ba7 12. Bxa5 Bd4 13. Qd2 0-0 14. Nxd4 Qxd4 15. Nb6 Ra7 16. c3 Qd6 17. Nc4 Qe6 18. Bc7 Na6 19. Bb6 Ra8 20. h3 d5 21. Bg4 f5 22. exf5 Nxf5 23. Ne3 Ng3+ 24. Kg1 Rxf1+ 25. Nxf1 Nf5 26. Ng3 g6 27. Bxf5 gxf5 28. Qg5+ Qg6 29. Qd8+ Kf7 30. Bc7 Qxg3 31. Bd6 Qg7 32. h4 Qf6 33. Qf8+ Ke6 34. Qxf6+ Kxf6 35. Re1 e4 36. dxe4 dxe4 37. Bf4 Nc5 38. Be3 Nd3 39. Re2 c5 40. Kf1 f4 41. Bg1 Ke5 42. Rd2 b6 43. Ke2 Ba6 44. Bh2 e3 45. Rxd3 Rd8 0-1